New York Knicks All Stars: NBA - Statistics

General Stats
  • This quiz has been taken 27 times
  • The average score is 14 of 35
Answer Stats
Career Career With Knicks All Stars Player % Correct
1986-2002 1986-2000 11x Patrick Ewing
100%
2004-2022 2011-2017 10x Carmelo Anthony
92%
1968-1980 1968-1977 7x Walt Frazier
92%
2019- 2023- 1x Jalen Brunson
88%
1965-1974 1965-1974 7x Willis Reed
83%
1989-2002 1991-1998 1x John Starks
79%
2015- 2020- 3x Julius Randle
79%
2003-2016 2011-2015 6x Amar'e Stoudemire
63%
1986-2004 1989-1998 1x Charles Oakley
63%
1968-1980 1972-1980 4x Earl Monroe
63%
1978-1993 1983-1987 4x Bernard King
58%
2016- 2016-2018 1x Kristaps Porzingis
58%
1994-2005 1997-2005 2x Allan Houston
54%
1963-1974 1969-1974 8x Dave DeBusschere
54%
1968-1977 1968-1977 1x Bill Bradley
46%
1993-2005 1999-2003 4x Latrell Sprewell
46%
1988-2004 1988-1992, 2001-2002 1x Mark Jackson
46%
2002-2020 2012-2014 1x Tyson Chandler
42%
2006-2017 2006-2010 2x David Lee
29%
1957-1970 1957-1964 6x Richie Guerin
29%
1980-1995 1980-1988 1x Bill Cartwright
25%
1960-1974 1966-1974 1x Dick Barnett
25%
1973-1986 1977-1979 5x Bob McAdoo
21%
1947-1956 1951-1953 1x Max Zaslofsky
21%
1948-1962 1948-1962 5x Carl Braun
0%
1950-1960 1950-1957 7x Dick McGuire
0%
1949-1958 1949-1957 7x Harry Gallatin
0%
1960-1973 1960-1966 4x Johnny Green
0%
1956-1964 1956-1963 2x Kenny Sears
0%
1963-1972 1964-1966 1x Len Chappell
0%
1979-1986 1979-1982 4x Micheal Ray Richardson
0%
1951-1958 1951-1957 1x Nat Clifton
0%
1956-1966 1963-1966 5x Tom Gola
0%
1950-1954 1950-1954 1x Vince Boryla
0%
1957-1966 1958-1963 4x Willie Naulls
0%
No matching quizzes found
Score Distribution
Percent of People with Each Score
Percentile by Number Answered
Your Score History
You have not taken this quiz